LEADER 02044nam a22003494i 4500 001 991000816679707536 008 050208s2004 it ab b 001 0 ita 020 $a8822253213 035 $ab13277376-39ule_inst 040 $aDip.to Studi Storici$bita 041 0 $aita$aeng$afre 082 00$a630.7 245 00$aAgricoltura come manifattura :$bistruzione agraria, professionalizzazione e sviluppo agricolo nell'Ottocento /$ca cura di Giuliana Biagioli e Rossano Pazzagli 260 $aFirenze :$bLeo S. Olschki,$c[2004] 300 $a2 v. (801 p.) :$bill., cart. geogr. ;$c24 cm. 440 2$aL'officina dello storico ;$v4 650 0$aIstruzione agraria$zItalia$xStoria$ySec. 19. 700 1 $aBiagioli, Giuliana 700 1 $aPazzagli, Rossano 907 $a.b13277376$b02-09-09$c08-02-05 912 $a991000816679707536 945 $aLE025 ECO 630 BIA01.01 $cV.2$g1$i2025000140721$lle025$o-$pE0.00$q-$rl$s- $t0$u1$v2$w1$x0$y.i14012200$z22-02-05 945 $aLE025 ECO 630 BIA01.01 $cV.1$g1$i2025000140738$lle025$op$pE0.00$q-$rl$s- $t0$u1$v2$w1$x0$y.i14017192$z25-02-05 945 $aLE023 630.7 BIA 1 1 v. 1$cV. 1$g1$i2023000071373$lle023$o-$pE29.00$q-$rl$s- $t0$u2$v0$w2$x0$y.i14056203$z26-04-05 945 $aLE023 630.7 BIA 1 1 v. 2$cV. 2$g1$i2023000071380$lle023$o-$pE40.00$q-$rl$s- $t0$u2$v0$w2$x0$y.i14056227$z26-04-05 945 $aLE023 630.7 BIA 1 1 v. 1 c. 2 $cV. 1 $g1$i2023000088425$lle023$o-$pE29.00$q-$rl$s- $t0$u0$v0$w0$x0$y.i14308307$z27-10-06 945 $aLE023 630.7 BIA 1 1 v. 2 c. 2$cV. 2 c. 2$g1$i2023000088432$lle023$o-$pE40.00$q-$rl$s- $t0$u0$v0$w0$x0$y.i14308320$z27-10-06 945 $aLE023 630.7 BIA 1 1 v. 1 c. 3 $cv. 1$g1$i2023000089187$lle023$o-$pE29.00$q-$rl$s- $t0$u0$v0$w0$x0$y.i14318787$z15-11-06 945 $aLE023 630.7 BIA 1 1 v. 2 c. 3$cv. 2$g1$i2023000089194$lle023$o-$pE40.00$q-$rl$s- $t0$u0$v0$w0$x0$y.i14318829$z15-11-06 996 $aAgricoltura come manifattura$964166 997 $aUNISALENTO 998 $a(2)le025$a(8)le023$b08-02-05$cm$da $e-$fita$git $h0$i0 LEADER 01641nam a2200385 i 4500 001 991001010629707536 005 20020507105112.0 008 970307s1972 us ||| | eng 020 $a0306305992 035 $ab10161120-39ule_inst 035 $aLE00640621$9ExL 040 $aDip.to Fisica$bita 084 $a53.7.8 084 $a53.7.16 084 $a548'.842 084 $aQD931 111 2 $aBattelle Colloquium on interatomic potentials and simulation of lattice defects <1971 ; Seattle, WA>$0462433 245 10$aInteratomic potentials and simulation of lattice defects :$b[proceedings of the 6th Battelle Colloquium], Seattle, WA and Harrison Hot Springs, B.C., June 14-19, 1971 /$cedited by Pierre C. Gehlen, Joe R. Beeler, Jr. and Robert I. Jaffee 260 $aNew York ; London :$bPlenum Press,$c1972 300 $axx, 782 p. :$bill. ;$c26 cm. 490 0 $aBattelle Institute Materials Science Colloquia ;$v6 500 $aIncludes bibliographical references. 650 4$aCrystallography-Data processing$xCongresses 650 4$aCrystals-Defects$xCongresses 650 4$aDigital computer simulation$xCongresses 650 4$aPotential, theory of$xCongresses 700 1 $aGehlen, Pierre C. 700 1 $aBeeler, Joe R. 700 1 $aJaffee, Robert I. 907 $a.b10161120$b17-02-17$c27-06-02 912 $a991001010629707536 945 $aLE006 53.7.16 GEH$g1$i2006000059206$lle006$o-$pE0.00$q-$rl$s- $t0$u0$v0$w0$x0$y.i10195385$z27-06-02 996 $aInteratomic potentials and simulation of lattice defects$9188659 997 $aUNISALENTO 998 $ale006$b01-01-97$cm$da $e-$feng$gus $h0$i1